| 000 | 01342cam a2200325 a 4500 | ||
|---|---|---|---|
| 001 | 13605713 | ||
| 005 | 20170105102915.0 | ||
| 008 | 040525s2003 enkb b 001 0 eng | ||
| 010 | _a 2004300045 | ||
| 015 | _aGBA2-U6079 | ||
| 020 | _a1860648460 | ||
| 035 | _a(OCoLC)ocm50749003 | ||
| 040 |
_aUKM _cUKM _dJ2H _dOCLCQ _dCUV _dC#P _dUV$ _dUNA _dDLC |
||
| 042 | _alccopycat | ||
| 043 | _aa-af--- | ||
| 050 | 0 | 0 |
_aDS361 _b.R36 2003 |
| 082 | 0 | 4 |
_a958.103 _221 |
| 100 | 1 | _aRasanayagam, Angelo. | |
| 245 | 1 | 0 |
_aAfghanistan : _ba modern history : monarchy, despotism or democracy? : the problems of governance in the Muslim tradition / _cAngelo Rasanayagam. |
| 260 |
_aLondon ; _aNew York : _bI.B. Tauris, _cc2003. |
||
| 300 |
_axviii, 301 p. : _bmaps ; _c24 cm. |
||
| 504 | _aIncludes bibliographical references (p. 291-296) and index. | ||
| 651 | 0 |
_aAfghanistan _xHistory _y20th century. |
|
| 856 | 4 | 2 |
_3Contributor biographical information _uhttp://www.loc.gov/catdir/bios/hol052/2004300045.html |
| 856 | 4 | 2 |
_3Publisher description _uhttp://www.loc.gov/catdir/description/hol054/2004300045.html |
| 856 | 4 | 1 |
_3Table of contents _uhttp://www.loc.gov/catdir/toc/hol052/2004300045.html |
| 906 |
_a7 _bcbc _ccopycat _d2 _encip _f20 _gy-gencatlg |
||
| 942 |
_2ddc _cBK |
||
| 999 |
_c15329 _d15329 |
||